مكتبة جامعة عجلون الوطنية

فهرس بحث المكتبة

Normal view MARC view
  • تاليف: Morgan,Elizabeth ؛ترجمة وتعريب سهى عبدالرحيم طبال

Entry Personal Name

Number of records used in: 1

001 - CONTROL NUMBER

  • control field: 42991

003 - CONTROL NUMBER IDENTIFIER

  • control field: JO-AjAnu

005 - DATE AND TIME OF LATEST TRANSACTION

  • control field: 20230606081129.0

008 - FIXED-LENGTH DATA ELEMENTS

  • fixed length control field: 230606|| aca||aabn | a|a d

040 ## - CATALOGING SOURCE

  • Original cataloging agency: JO-AjAnu
  • Transcribing agency: JO-AjAnu

100 ## - HEADING--PERSONAL NAME

  • Personal name: تاليف: Morgan,Elizabeth ؛ترجمة وتعريب سهى عبدالرحيم طبال

670 ## - SOURCE DATA FOUND

  • Source citation: Work cat.: (JO-AjAnu)22017: تاليف: Morgan,Elizabeth ؛ترجمة وتعريب سهى عبدالرحيم طبال, author, برنامج فييزا Viisa للتدخل المبكر للأطفال ذوي الاعتلال البصري : مرجع شامل وهام للاسر والعاملين مع الرضع واطفال الحضانة واطفال مرحلة ما قبل المدرسة ذوي الاعتلال البصري (الاعاقة البصرية)